Click to Translate: Russian - Statistics

General Stats
  • This quiz has been taken 20 times
  • The average score is 17 of 25
Answer Stats
Hint Answer % Correct
sea море (more)
93%
water вода (voda)
93%
mountain гора (gora)
86%
he он (on)
79%
south юг (yug)
79%
good хорошо (khorosho)
71%
spoon ложка (lozhka)
71%
bear медведь (medved)
71%
river река (reka)
71%
hand рука (ruka)
71%
word слово (slovo)
71%
morning утро (utro)
71%
horse лошадь (loshad)
64%
sky небо (nebo)
64%
table стол (stol)
64%
flower цветок (tsvetok)
64%
to see видеть (videt)
64%
to run бежать (bezhat')
57%
to play играть (igrat')
57%
sword меч (mech)
57%
fire огонь (ogon')
57%
squirrel белка (belka)
50%
to fight драться (dratsya)
50%
right направо (napravo)
50%
to jump прыгать (prygat')
50%
No matching quizzes found
Score Distribution
Percent of People with Each Score
Percentile by Number Answered
Your Score History
You have not taken this quiz